| 000 | 00657cam a2200241 4500 | ||
|---|---|---|---|
| 001 | 10763 | ||
| 003 | BD-RjUL | ||
| 005 | 20211208235018.0 | ||
| 008 | 140125s1971 nyua b 001 0 eng | ||
| 035 | _a(BD-RjUL) 10812 | ||
| 040 |
_aDLC _cDLC _dDLC _dBD-RjUL _beng |
||
| 041 | _aeng | ||
| 082 | 0 | 0 |
_a660.28424 _bSOR 1971 |
| 100 | 1 |
_aSourirajan, S. _933292 |
|
| 245 | 1 | 0 |
_aReverse osmosis / _cS. Sourirajan. |
| 260 |
_aNew York : _bAcademic Press, _c1971. |
||
| 300 |
_axix, 580 p. : _billus. ; _c26 cm. |
||
| 504 | _aIncludes index and Bibliography. | ||
| 650 | 0 |
_aOsmosis. _933293 |
|
| 942 |
_2ddc _cBK |
||
| 999 |
_c10763 _d10763 |
||